Количественное определение урана в рудах методом осциллографической полярографии: отдельный оттиск

Bibliografiske detaljer
Hovedforfatter: Рябчиков Д. И.
Andre forfattere: Гохштейн Я. П., Цай-Шен Г.
Sprog:russisk
Udgivet: Москва, [Б. и.], 1961
Serier:Журнал аналитической химии Т. 16, вып. 6
Fag:
Format: MixedMaterials Bog
KOHA link:https://koha.lib.tpu.ru/cgi-bin/koha/opac-detail.pl?biblionumber=335120

MARC

LEADER 00000nam0a2200000 4500
001 335120
005 20231102004725.0
035 |a (RuTPU)RU\TPU\book\361451 
090 |a 335120 
100 |a 20170914d1961 k y0rusy50 ca 
101 0 |a rus 
102 |a RU 
105 |a a z 001zy 
200 1 |a Количественное определение урана в рудах методом осциллографической полярографии  |e отдельный оттиск  |f Д. И. Рябчиков, Я. П. Гохштейн, Г. Цай-Шен 
210 |a Москва  |c [Б. и.]  |d 1961 
215 |a 6 с.  |c ил. 
225 1 |a Журнал аналитической химии  |v Т. 16, вып. 6 
320 |a Библиогр. в конце ст. 
606 1 |a Полярография осциллографическая  |2 stltpush  |3 (RuTPU)RU\TPU\subj\50823  |9 69457 
610 1 |a оттиски 
610 1 |a библиотека А. Г. Стромберга 
610 1 |a уран 
610 1 |a количественное определение 
675 |a 543.552  |v 4 
700 1 |a Рябчиков  |b Д. И. 
701 1 |a Гохштейн  |b Я. П. 
701 1 |a Цай-Шен  |b Г. 
801 1 |a RU  |b 63413507  |c 20170914 
801 2 |a RU  |b 63413507  |c 20171204  |g RCR 
942 |c BK